000 00985nam a2200253 a 4500
001 1114
003 BR-CuiBMT
005 20231128220629.0
008 231128s2011 mtba 000 0 por d
020 _a9788536620619
040 _aBR-CuiBMT
_cBR-CuiBMT
080 _a001.891:378
_x(817.2)
_22007
090 _a001.891:378(817.2)
_bP474
245 0 0 _aPesquisa e políticas públicas no Estado de Mato Grosso /
_cSuperintendência da escola de governo do Estado de Mato Grosso ; [organizadores: Almir Balieiro ... et al.]
260 _aSão Paulo :
_bScortecci,
_c2011.
300 _a197 p. :
_bil., (algumas color,)
_c21 cm
504 _ainclui bibliografia.
650 _aEducação superior
_xPesquisa
_zMato Grosso
650 _aUniversidade Federal de Mato Grosso
_xEscolas superiores
_zMato Grosso
650 _aPolíticas públicas
_zMato Grosso
650 _aEnsino superior
_xPolítica educacional
_zMato Grosso
700 _aBalieiro, Almir
_4et al.
_4[org,]
942 _2udc
_cLV
999 _c1114
_d1114